Bourgeoisie et esclavage - 4ème - Statistiques

Statistiques générales
  • Ce quiz a été pris 208 fois
    201 depuis la dernière actualisation
  • Le résultat moyen est 6 sur 10
Statistiques - réponses
Question Réponse % Correct
Quel produit nouveau provient des Amériques et est exploité dans de grandes plantations ? Le coton
84%
Quel code de loi définissait les sanctions infligées aux esclaves. Le Code Noir
79%
Comment appelle t-on le fait de rendre sa liberté à un esclave ? L'affranchissement
78%
Qu'est-ce qu'un bourgeois ? Une personne très riche grâce au commerce
67%
Quel est le principal port négrier français au XVIIIème siècle ? Nantes
55%
Combien d'esclaves africains ont-ils été envoyés aux Amériques entre le XVIe et le XIXe siècle ? 12 millions
49%
Laquelle de ces raisons n'explique pas pourquoi les européens se constituent de grands empires coloniaux ? Pour donner du travail aux esclaves
46%
Quel est le taux de mortalité moyen pour les esclaves lors des traversées entre l'Afrique et les Amériques ? 15%
43%
Dans quelle ordre social vivent les bourgeois ? Le Tiers-Etat
43%
Au XVIIIème siècle, quel pays européen possède le plus grand empire colonial ? Espagne
33%
Aucun quiz correspondant
Distribution des résultats
% des personnes avec chaque résultat
Percentile par nombre de réponses
Votre historique - résultats
Vous n’avez pas pris ce quiz depuis la dernière actualisation